000 00705nam a2200217 i 4500
001 bg
245 0 _aNowoczesne technologie chowu krów mlecznych /
_cWacław Romaniuk, Grzegorz Fiedorowicz ; Inst. Budownictwa, Mechanizacji i Elektryfikacji Rolnictwa.
250 _a[Wyd. 2 popr.].
260 _aWarszawa :
_bIBMER,
_c1995.
300 _a77, [24] s. :
_brys., wykr. ;
_c31 cm.
650 9 _akrowy mleczne
650 9 _ahodowla zwierząt
650 9 _aprodukcja zwierzęca
650 9 _amleczarstwo
710 _aInstytut Budownictwa, Mechanizacji i Elektryfikacji Rolnictwa
040 _cBPK
041 _apl
080 _a636.2.03
942 _cKA
008 s pl f |000 0 pol
999 _c24160
_d24160
856 _uhttp://koha.tu.koszalin.pl/cgi-bin/koha/opac-detail.pl?biblionumber=24160
_yKatalog online BPK